000 00260nam a22000977a 4500
008 180131b ||||| |||| 00| 0 eng d
020 _a9789354860546
100 _aDickens, C
_95658
245 _aA tale of two cities
260 _aEngland
_bPearson education lmtd
_c2021
999 _c9442
_d9442